| Tag |
First Indicator |
Second Indicator |
Subfields |
| LEADER |
00000cem a2200000Ia 4500 |
| 001 |
in00001676521 |
| 005 |
20151024123050.0 |
| 007 |
aj canzn |
| 008 |
020314s2001 vauag bh a f 1 eng d |
| 020 |
|
|
|a 0607983701
|
| 034 |
1 |
|
|a a
|b 100000
|d W1120000
|e W1110000
|f N0460000
|g N0453000
|
| 035 |
|
|
|a (OCoLC)ocm49316102
|
| 037 |
|
|
|a 9-780607-983708
|b USGS
|
| 040 |
|
|
|a GPO
|c GPO
|d TXA
|d UtOrBLW
|
| 049 |
|
|
|a TXAM
|
| 052 |
|
|
|a 4251
|
| 074 |
|
|
|a 0619-G-16
|
| 086 |
0 |
|
|a I 53.11/4-2:45111-A 1-TM-100/2001
|
| 090 |
|
|
|a G3701.G5 s100
|b .U5 Ennis MT (SM)
|
| 110 |
1 |
|
|a United States.
|b Bureau of Land Management.
|
| 245 |
1 |
0 |
|a Montana, Ennis :
|b 1:100,000-scale topographic map : [30 x 60 minute series (topographic)] /
|c edited and published by the Bureau of Land Management, National Science and Technology Center ... in cooperation with the ... Montana State Office.
|
| 246 |
1 |
|
|i Filing title:
|a Ennis, Montana--Wyoming
|
| 246 |
3 |
0 |
|a Ennis
|
| 250 |
|
|
|a BLM ed., 2001.
|
| 255 |
|
|
|a Scale 1:100,000 ;
|b universal transverse Mercator proj.
|c (W 112⁰00ʹ--W 111⁰00ʹ/N 45⁰30ʹ--N 45⁰00ʹ).
|
| 264 |
|
1 |
|a Reston, Va. :
|b The Bureau ;
|a Denver, CO :
|b U.S. Geological Survey,
|c 2001.
|
| 264 |
|
2 |
|a Billings, MT :
|b For sale by BLM Montana State Office ;
|
| 300 |
|
|
|a 1 map :
|b color ;
|c 56 x 76 cm.
|
| 336 |
|
|
|a cartographic image
|b cri
|2 rdacontent
|
| 337 |
|
|
|a unmediated
|b n
|2 rdamedia
|
| 338 |
|
|
|a sheet
|b nb
|2 rdacarrier
|
| 490 |
1 |
|
|a Surface management status, mineral management status
|
| 500 |
|
|
|a Relief shown by contours and spot heights.
|
| 500 |
|
|
|a Shows minerals owned by the Federal government.
|
| 500 |
|
|
|a Basic USGS map edited 1989.
|
| 500 |
|
|
|a Includes location map and index to adjoining maps.
|
| 500 |
|
|
|a Designed to be folded to 23 x 11 cm.
|
| 500 |
|
|
|a Cartographic material.
|
| 650 |
|
0 |
|a Mines and mineral resources
|z Montana
|v Maps.
|
| 650 |
|
0 |
|a Land use, Rural
|z Montana
|v Maps.
|
| 651 |
|
0 |
|a Montana
|v Maps.
|
| 710 |
2 |
|
|a National Science and Technology Center (U.S.)
|
| 710 |
1 |
|
|a United States.
|b Bureau of Land Management.
|b Montana State Office.
|
| 810 |
1 |
|
|a United States.
|b Bureau of Land Management.
|t Surface-minerals management status.
|
| 948 |
|
|
|a cataloged
|b h
|c 2002/4/9
|d c
|e jgreene
|f 9:46:16 am
|
| 994 |
|
|
|a E0
|b TXA
|
| 999 |
|
|
|a MARS
|
| 999 |
f |
f |
|s 6ad2e0d4-5de9-3e1a-89e0-2659f65d37a0
|i 3ef7f819-1a5c-32cb-980a-0dfb9186cd29
|t 0
|
| 952 |
f |
f |
|p normal
|a Texas A&M University
|b College Station
|c Sterling C. Evans Library
|d Evans: Maps (2nd floor)
|t 0
|e G3701.G5 s100 .U5 Ennis MT (SM)
|h Library of Congress classification
|i unmediated -- sheet
|m A14828717149
|
| 952 |
f |
f |
|p normal
|a Texas A&M University
|b College Station
|c Sterling C. Evans Library
|d Evans: Maps (2nd floor)
|t 0
|e G3701.G5 s100 .U5 Ennis MT (SM)
|h Library of Congress classification
|i unmediated -- sheet
|m A14828717181
|
| 998 |
f |
f |
|a G3701.G5 s100 .U5 Ennis MT (SM)
|t 0
|l Evans: Maps (2nd floor)
|
| 998 |
f |
f |
|a G3701.G5 s100 .U5 Ennis MT (SM)
|t 0
|l Evans: Maps (2nd floor)
|